| 000 | 00463nam a22001697a 4500 | ||
|---|---|---|---|
| 999 |
_c523892 _d523892 |
||
| 003 | NUST | ||
| 038 | _awaseem | ||
| 082 |
_a891.439 _bSAL |
||
| 100 |
_aSaleemi, Akhtar Raza _914712 |
||
| 245 |
_aSahmai Adabiyat / _cAkhtar Raza Saleemi |
||
| 260 |
_aIslamabad : _bAcademy Adabiyat, _cN.D. |
||
| 300 | _a348 p. ; | ||
| 500 | _aPaperback. | ||
| 880 |
_6100-02\r _aاختر رضا سلیمی |
||
| 880 |
_6245-02\r _aسہ ماہی ادبیات / |
||
| 942 |
_2ddc _cBK |
||